| 000 | 00591nam a2200205Ia 4500 | ||
|---|---|---|---|
| 003 | GCL | ||
| 008 | 140319s9999 xx 000 0 ara d | ||
| 040 |
_aGCL / _cGCL |
||
| 082 | 0 | 4 |
_a849 _bج م |
| 100 | 1 | _aانوى، جان | |
| 245 | 1 | 0 |
_aالمسافر بلا متاع / _cانوى، جان |
| 700 | 1 | _aمحمد كمال | |
| 700 | 1 | _aانور لوقا | |
| 300 | _a103 ص | ||
| 490 |
_aروائع المسرح العالمى _v0 |
||
| 650 | 0 | 4 | _aالادب المسيحى |
| 650 | 0 | 4 | _aالمسرحيات الفرنسية |
| 650 | 0 | 4 | _aالمسرح - فرنسا |
| 942 |
_2ddc _cBK |
||
| 999 |
_c38370 _d38370 |
||